[Event "BL 2018-19"]
[Site "Berlin"]
[Date "2019.04.07"]
[Round "15.13"]
[White "Hector, Jonny"]
[Black "Maiwald, Jens-Uwe"]
[Result "0-1"]
[WhiteElo "2495"]
[BlackElo "2443"]
[Annotator "RC"]
[PlyCount "136"]
[EventDate "2018.11.10"]
[EventType "team-tourn"]
[EventCountry "GER"]
[SourceTitle "playchess.com"]
[Source "ChessBase"]
[SourceQuality "1"]
[WhiteTeam "Kiel"]
[BlackTeam "Dresden"]
[TimeControl "40/6000+30:3000+30"]

1. e4 {[%emt 0:00:00]} c5 {[%emt 0:00:00]} 2. Nf3 {[%emt 0:00:00]} e6 {[%emt 0:00:00]} 3. d4 {[%emt 0:00:06]} cxd4 {[%emt 0:00:00]} 4. Nxd4 {[%emt 0:00:11]} a6 {[%emt 0:00:29]} 5. Nc3 {[%emt 0:01:51]} Qc7 {[%emt 0:00:50]} 6. Bd3 {[%emt 0:03:48]} Nf6 {[%emt 0:01:24]} 7. f4 {[%emt 0:02:55]} Bb4 {[%emt 0:02:52]} 8. O-O {[%emt 0:05:19]} Bc5 {[%emt 0:03:54]} 9. Nce2 {[%emt 0:03:11]} d6 {[%emt 0:02:11]} 10. Kh1 {[%emt 0:03:05]} e5 {[%emt 0:10:11]} 11. Nb3 {[%emt 0:05:09]} Ba7 {[%emt 0:03:15]} 12. Qe1 {[%emt 0:06:36]} Be6 {[%emt 0:28:27]} 13. Qg3 {[%emt 0:01:43]} Nbd7 {[%emt 0:00:36]} 14. Bd2 {[%emt 0:05:57]} h5 {[%emt 0:08:00]} 15. f5 {[%emt 0:05:49]} Bxb3 {[%emt 0:02:06]} 16. axb3 {[%emt 0:00:54]} Ng4 {[%emt 0:09:18]} 17. Nc3 {[%emt 0:05:42]} Ndf6 {[%emt 0:01:23]} 18. Bg5 {[%emt 0:01:39]} Qc5 {[%emt 0:01:54]} 19. Bh4 {[%emt 0:00:55]} Qe3 {[%emt 0:04:52]} 20. Qxe3 {[%emt 0:01:53]} Nxe3 {[%emt 0:03:54]} 21. Bxf6 {[%emt 0:04:24]} gxf6 {[%emt 0:01:59]} 22. Rf3 {[%emt 0:02:21]} Rd8 {[%emt 0:08:13]} 23. Re1 {[%emt 0:04:40]} d5 {[%emt 0:00:33]} 24. Rfxe3 {[%emt 0:10:02]} Bxe3 {[%emt 0:01:02]} 25. Nxd5 Bg5 {[%emt 0:00:58]} 26. Kg1 {[%emt 0:00:47]} h4 {[%emt 0:01:20]} 27. Ra1 {[%emt 0:01:27]} Kf8 {[%emt 0:04:46]} 28. b4 {[%emt 0:02:00]} Kg7 {[%emt 0:00:03]} 29. Kf2 {[%emt 0:00:57]} Rc8 {[%emt 0:01:38]} 30. Ke2 {[%emt 0:04:19]} Rhd8 {[%emt 0:00:03]} 31. c4 {[%emt 0:01:53]} Rxd5 {[%emt 0:03:33]} 32. exd5 {[%emt 0:01:36]} e4 {[%emt 0:00:18]} 33. c5 {[%emt 0:06:38]} exd3+ {[%emt 0:00:03]} 34. Kxd3 {[%emt 0:00:08]} Bf4 {[%emt 0:01:07]} 35. Kc4 {[%emt 0:00:14]} Re8 {[%emt 0:03:12]} 36. b5 {[%emt 0:03:23]} Re4+ {[%emt 0:00:21]} 37. Kd3 {[%emt 0:00:44]} Re3+ {[%emt 0:01:29]} 38. Kd4 {[%emt 0:01:05]} axb5 {[%emt 0:00:44]} 39. Ra7 {[%emt 0:06:04]} Rb3 {[%emt 0:00:38]} 40. d6 {[%emt 0:00:25]} Be3+ {[%emt 0:01:52]} 41. Ke4 {[%emt 0:58:43]} Bxc5 {[%emt 0:02:54]} 42. d7 {[%emt 0:00:00]} Re3+ {[%emt 0:04:38]} 43. Kf4 {[%emt 0:00:00]} Rd3 {[%emt 0:00:43]} 44. Rxb7 {[%emt 0:00:00]} b4 {[%emt 0:00:43]} 45. Kg4 {[%emt 0:00:00]} Rd4+ {[%emt 0:01:28]} 46. Kh5 {[%emt 0:00:00]} Be7 {[%emt 0:02:25]} 47. b3 {[%emt 0:00:00]} Bd8 {[%emt 0:10:55]} 48. Rb8 {[%emt 0:00:00]} Be7 {[%emt 0:02:59]} 49. Rb7 {[%emt 0:00:00]} h3 {[%emt 0:02:29]} 50. g3 {[%emt 0:00:00]} Bd8 {[%emt 0:02:55]} 51. g4 {[%emt 0:00:00]} Kf8 {[%emt 0:00:50]} 52. Kh4 {[%emt 0:00:00]} Ke7 {[%emt 0:00:12]} 53. Kxh3 {[%emt 0:00:00]} Rd3+ {[%emt 0:00:20]} 54. Kg2 {[%emt 0:00:00]} Rxb3 {[%emt 0:00:35]} 55. h4 {[%emt 0:00:00]} Rb2+ {[%emt 0:01:49]} 56. Kf3 {[%emt 0:00:00]} Kd6 {[%emt 0:02:19]} 57. h5 {[%emt 0:00:00]} Kc6 {[%emt 0:00:52]} 58. Rb8 {[%emt 0:00:00]} Kc7 {[%emt 0:01:10]} 59. Rb5 {[%emt 0:00:00]} Kxd7 {[%emt 0:00:25]} 60. h6 {[%emt 0:00:00]} Bc7 {[%emt 0:05:23]} 61. h7 {[%emt 0:00:00]} Rh2 {[%emt 0:00:03]} 62. Rxb4 {[%emt 0:00:00]} Rxh7 {[%emt 0:00:02]} 63. Ra4 {[%emt 0:00:00]} Rh3+ {[%emt 0:00:25]} 64. Kg2 {[%emt 0:00:00]} Rb3 {[%emt 0:01:50]} 65. Rd4+ {[%emt 0:00:00]} Bd6 {[%emt 0:00:52]} 66. Ra4 {[%emt 0:00:00]} Kc6 {[%emt 0:00:41]} 67. Ra6+ {[%emt 0:00:00]} Kd5 {[%emt 0:00:22]} 68. Kf2 {[%emt 0:00:00]} Ra3 {[%emt 0:01:59]} 0-1

[Event "BL 2018-19"]
[Site "Berlin"]
[Date "2019.04.07"]
[Round "15.13"]
[White "Harff, Marcel"]
[Black "Naiditsch, Arkadij"]
[Result "1/2-1/2"]
[WhiteElo "2411"]
[BlackElo "2736"]
[Annotator "TA"]
[PlyCount "90"]
[EventDate "2018.11.10"]
[EventType "team-tourn"]
[EventCountry "GER"]
[SourceTitle "playchess.com"]
[Source "ChessBase"]
[SourceQuality "1"]
[WhiteTeam "Duesseldorf"]
[BlackTeam "Baden-Baden"]

{[%evp 10,90,16,10,25,26,35,15,15,7,29,15,20,4,0,8,34,2,11,12,14,8,15,8,20,16,13,12,9,14,13,15,8,0,69,12,17,0,0,0,10,0,0,0,0,0,0,0,0,0,0,0,0,0,0,0,0,0,0,0,0,0,0,0,0,-3,-3,-3,-3,-3,88,0,3,0,0,0,0,0,0,0,0,0,0]} 1. c4 g6 2. g3 Bg7 3. Bg2 e5 4. Nc3 d6 5. e3 f5 6. d4 Nd7 {A21: English Opening: 1...e5 2 Nc3} 7. Nge2 Ngf6 8. b4 (8. dxe5 dxe5 9. e4 O-O 10. O-O c6 11. exf5 gxf5 12. Qc2 Nc5 13. Rd1 Qe8 14. b3 {1-0 (47) Kjartansson,G (2434)-Movsziszian,K (2503) Sabadell 2013}) 8... O-O 9. Qb3 Kh8 10. Bb2 a5 $146 ({Predecessor:} 10... Nh5 11. h3 f4 12. g4 f3 13. Bxf3 Rxf3 14. gxh5 {0-1 (25) Cornea,A (2048)-Milosevic,A (2286) Felix Spa 2007}) 11. a3 Re8 12. Rd1 e4 13. h4 Nh5 14. Nd5 Ndf6 15. Ndf4 axb4 16. axb4 b5 17. d5 bxc4 18. Qxc4 Nxf4 19. Nxf4 Ng4 20. Bxg7+ Kxg7 21. Rc1 Qf6 (21... Bd7 $11) 22. O-O (22. Qc6 $1 $14 Ra1 23. Qxc7+ Kg8 24. O-O Rxc1 25. Qxc1 (25. Rxc1 Qb2 $14)) 22... Re7 23. Rc2 Ne5 24. Qb3 Qf7 25. Ra2 Rxa2 26. Qxa2 h6 27. Qa8 Re8 28. Rc1 g5 29. hxg5 hxg5 30. Ne2 Nd3 31. Rc4 $1 c5 32. bxc5 Nxc5 {[#] ...Ba6 is the strong threat.} 33. Qc6 Qe7 34. Nd4 Bd7 35. Qc7 Kf6 36. Qb6 {And now Rxc5 would win.} Rc8 37. Nc6 Bxc6 $1 38. dxc6 g4 39. Rd4 Qe5 {[#]} (39... Qc7 $11 40. Qxc7 Rxc7) 40. c7 (40. Bf1 $1 $16) 40... Ke7 $11 {The position is equal.} 41. Qb8 Qh8 42. Qb6 Qe5 $1 43. Qb8 Qh8 44. Qb6 Qe5 45. Qb8 Qh8 {Accuracy: White = 49%, Black = 65%.} 1/2-1/2

[Event "BL 2018-19"]
[Site "Berlin"]
[Date "2019.04.07"]
[Round "15.14"]
[White "Vallejo Pons, Francisco"]
[Black "Kohlweyer, Bernd"]
[Result "1-0"]
[WhiteElo "2694"]
[BlackElo "2342"]
[Annotator "TA"]
[PlyCount "73"]
[EventDate "2018.11.10"]
[EventType "team-tourn"]
[EventCountry "GER"]
[SourceTitle "playchess.com"]
[Source "ChessBase"]
[SourceQuality "1"]
[WhiteTeam "Baden-Baden"]
[BlackTeam "Duesseldorf"]

{[%evp 9,73,18,29,33,33,29,18,-2,14,12,12,11,32,21,54,50,58,67,88,68,106,74,88,85,97,81,100,92,124,104,120,110,113,126,116,112,170,177,184,202,203,202,231,206,234,233,371,358,369,348,324,329,505,503,485,446,578,592,614,539,676,700,665,630,1049,1031]} 1. e4 c5 2. Nf3 d6 3. d4 cxd4 4. Qxd4 Bd7 5. c4 Nf6 (5... Nc6 6. Qd2 g6 7. b3 Nf6 8. Nc3 Bg7 9. Bb2 O-O 10. Be2 Qa5 11. Nd5 Qxd2+ 12. Nxd2 Nxd5 13. Bxg7 Kxg7 14. exd5 Nd4 15. Bd3 b5 16. O-O bxc4 17. Nxc4 Rfc8 18. Rfe1 {½-½ (66) Socko,B (2635)-Korobov,A (2678) Lublin 2012}) 6. Nc3 {B53: Sicilian: 2...d6: Lines with Qxd4} g6 7. Be2 Bg7 8. h3 {The position is equal.} O-O 9. O-O $146 ({Predecessor:} 9. Qe3 Na6 10. O-O Rc8 11. Rb1 Nc5 12. Nd4 Nfxe4 13. Nxe4 Nxe4 14. Qxe4 {½-½ (79) Tishova,S (2058)-Muromtsev,A (2265) St Petersburg 2015}) 9... Bc6 10. Qe3 Nbd7 11. Nd4 a5 12. Rd1 Qb8 13. b3 Re8 14. Ba3 h5 15. Bf1 Kh7 16. Re1 Bh6 17. Qe2 Qa7 18. Rad1 Qb6 19. g3 Nc5 20. Nxc6 bxc6 21. e5 dxe5 22. Qxe5 Nfd7 {[#]} (22... Ncd7 $16 23. Qe2 Bg7) 23. Na4 $1 $18 {[%cal Ra4b6]} Nxe5 24. Nxb6 Nf3+ 25. Kh1 Nxe1 26. Bxc5 ({Don't do} 26. Nxa8 $6 Ne6 $16) 26... Rad8 27. Rxe1 Rd2 (27... e5 $142 28. Bg2 Re6) 28. Bg2 e6 29. Bxc6 Red8 30. a3 Bf8 (30... h4 {was worth a try.} 31. gxh4 R8d3) 31. Bxf8 {White is clearly winning.} Rxf8 32. Kg2 Rb8 33. c5 Rc2 {intending ...Rxb6.} 34. Ba4 Rd8 35. Nc4 Kg7 36. c6 Kf8 {[#]} 37. Rd1 $3 {[%mdl 576] Promotion. Accuracy: White = 75%, Black = 30%.} 1-0

[Event "BL 2018-19"]
[Site "Berlin"]
[Date "2019.04.07"]
[Round "15.14"]
[White "Tischbierek, Raj"]
[Black "Pakleza, Zbigniew"]
[Result "1/2-1/2"]
[WhiteElo "2432"]
[BlackElo "2508"]
[Annotator "TA"]
[PlyCount "40"]
[EventDate "2018.11.10"]
[EventType "team-tourn"]
[EventCountry "GER"]
[SourceTitle "playchess.com"]
[Source "ChessBase"]
[SourceQuality "1"]
[WhiteTeam "Dresden"]
[BlackTeam "Kiel"]

{[%evp 18,40,-17,-36,0,-5,10,-14,-4,-7,0,-9,0,-7,16,12,24,13,24,19,27,6,13,21,0]} 1. e4 e6 2. d3 d5 3. Nd2 c5 4. Ngf3 Nf6 5. g3 Nc6 6. Bg2 Be7 7. O-O O-O 8. Re1 Re8 9. e5 Nd7 10. Nf1 Nf8 {C00: French: Unusual White 2nd moves} (10... b5 11. h4 Bb7 12. N1h2 f5 13. exf6 Bxf6 14. Ng4 d4 15. Nd2 Qc7 16. Ne4 Be7 17. a4 a6 18. h5 Nb4 {1-0 (50) Jakubiec,A (2508)-Thorgeirsson,S (2311) Reykjavik 2018}) 11. h4 h6 12. h5 $146 ({Predecessor:} 12. N1h2 b6 13. Ng4 Ng6 14. Bxh6 gxh6 15. h5 Ngxe5 16. Nfxe5 Nxe5 17. Rxe5 Bf6 18. Qf3 Bg7 19. Qf4 Bxe5 20. Qxe5 Kf8 21. Nf6 Re7 22. Nxd5 {1-0 (22) Contessotto,E (2089)-Ricconi,G (1777) Buenos Aires 2017}) 12... Nh7 13. c3 Rb8 14. a3 b5 15. d4 cxd4 16. Nxd4 Nxd4 17. Qxd4 a5 18. b4 Bd7 19. Be3 Qc7 20. Nd2 Rec8 {Accuracy: White = 59%, Black =  9%.} 1/2-1/2

[Event "BL 2018-19"]
[Site "Berlin"]
[Date "2019.04.07"]
[Round "15.15"]
[White "Hoi, Carsten"]
[Black "Hoffmann, Paul"]
[Result "1/2-1/2"]
[WhiteElo "2380"]
[BlackElo "2376"]
[Annotator "NA"]
[PlyCount "54"]
[EventDate "2018.11.10"]
[EventType "team-tourn"]
[EventCountry "GER"]
[SourceTitle "playchess.com"]
[Source "ChessBase"]
[SourceQuality "1"]
[WhiteTeam "Kiel"]
[BlackTeam "Dresden"]
[TimeControl "40/6000+30:3000+30"]

1. d4 {[%emt 0:00:26]} Nf6 {[%emt 0:00:00]} 2. c4 {[%emt 0:01:37]} e6 {[%emt 0:00:00]} 3. Nc3 {[%emt 0:00:18]} Bb4 {[%emt 0:00:00]} 4. e3 {[%emt 0:00:23]} O-O {[%emt 0:02:21]} 5. Bd3 {[%emt 0:02:57]} d5 {[%emt 0:05:00]} 6. Nge2 {[%emt 0:01:23]} Be7 {[%emt 0:12:52]} 7. O-O {[%emt 0:03:06]} c5 {[%emt 0:10:08]} 8. cxd5 {[%emt 0:08:15]} exd5 {[%emt 0:08:45]} 9. dxc5 {[%emt 0:08:31]} Bxc5 {[%emt 0:00:38]} 10. b3 {[%emt 0:01:56]} Nc6 {[%emt 0:01:01]} 11. Bb2 {[%emt 0:04:08]} a6 {[%emt 0:01:46]} 12. Nf4 {[%emt 0:15:28]} Be6 {[%emt 0:15:13]} 13. Nce2 {[%emt 0:07:05]} Ba7 $14 {[%emt 0:02:40]} 14. Rc1 {[%emt 0:05:05]} Qe7 {[%emt 0:20:26]} 15. Bb1 {[%emt 0:14:47]} Rad8 {[%emt 0:04:00]} 16. Nd4 {[%emt 0:03:09]} Bd7 {[%emt 0:01:06]} 17. Nxc6 {[%emt 0:04:05]} Bxc6 {[%emt 0:01:57]} 18. Bd4 {[%emt 0:02:35]} Bb8 {[%emt 0:04:31]} 19. Bc5 {[%emt 0:10:51]} Bd6 {[%emt 0:00:53]} 20. Bxd6 {[%emt 0:00:11]} Qxd6 {[%emt 0:00:06]} 21. Qd4 {[%emt 0:00:40]} g6 {[%emt 0:00:41]} 22. Rfd1 {[%emt 0:00:54]} Ne8 {[%emt 0:01:25]} 23. Qc5 {[%emt 0:03:02]} Qe5 {[%emt 0:02:02]} 24. Qd4 {[%emt 0:01:42]} Qd6 {[%emt 0:01:08]} 25. Nd3 {[%emt 0:02:12]} Nc7 {[%emt 0:01:20]} 26. Qe5 {[%emt 0:00:37]} Ne6 {[%emt 0:01:39]} 27. Qxd6 {[%emt 0:02:53]} Rxd6 1/2-1/2

[Event "BL 2018-19"]
[Site "Berlin"]
[Date "2019.04.07"]
[Round "15.15"]
[White "Hainke, Guntram"]
[Black "Adams, Michael"]
[Result "1/2-1/2"]
[WhiteElo "2344"]
[BlackElo "2706"]
[Annotator "TA"]
[PlyCount "58"]
[EventDate "2018.11.10"]
[EventType "team-tourn"]
[EventCountry "GER"]
[SourceTitle "playchess.com"]
[Source "ChessBase"]
[SourceQuality "1"]
[WhiteTeam "Duesseldorf"]
[BlackTeam "Baden-Baden"]

{[%evp 14,58,0,-11,0,-9,0,-10,0,0,35,18,40,34,46,23,44,25,49,37,37,41,34,7,13,19,10,0,0,0,0,0,0,0,0,0,0,0,0,0,0,0,0,0,0,-8,-8]} 1. d4 Nf6 2. c4 e6 3. Nc3 Bb4 4. e3 O-O 5. Bd2 c5 6. Nf3 cxd4 7. exd4 d5 8. a3 Bxc3 {B14: Caro-Kann: Panov-Botvinnik Attack with 5...e6 and 5...g6} (8... Be7 9. Rc1 b6 10. cxd5 Nxd5 11. Bd3 Bb7 12. h4 Nd7 13. Ne4 N5f6 14. Neg5 Bd6 15. Qc2 h6 16. Bc3 {0-1 (45) Jakubowski,K (2508)-Wojtaszek,R (2511) Dzwirzyno 2004}) 9. Bxc3 b6 10. b3 Ne4 11. Bb2 Bb7 12. Bd3 $146 ({Predecessor:} 12. c5 bxc5 13. dxc5 Nc6 {0-1 (24) Sacharewicz,K (1417)-Hoang Nghia,L (1446) Warsaw 2009}) 12... Nd7 13. O-O Rc8 14. Qe2 Re8 15. Rfd1 Nf8 16. Rac1 Ng6 17. Qe3 f5 18. Ne5 (18. Rc2 {keeps more tension.} dxc4 19. bxc4 f4 20. Qe2 Ng5 21. Nxg5 Qxg5 22. Be4) 18... Nxe5 {The position is equal.} 19. dxe5 Qh4 20. Bxe4 Qxe4 21. Qxe4 fxe4 22. cxd5 exd5 23. Kf1 Kf7 24. Ke2 Ke6 25. Ke3 g5 26. Bd4 Ba6 27. Kd2 h5 28. Rxc8 Rxc8 29. Rc1 Rxc1 {Accuracy: White = 72%, Black = 59%.} 1/2-1/2

[Event "BL 2018-19"]
[Site "Berlin"]
[Date "2019.04.07"]
[Round "15.16"]
[White "Bacrot, Etienne"]
[Black "Agrest, Inna"]
[Result "1-0"]
[WhiteElo "2677"]
[BlackElo "2274"]
[Annotator "TA"]
[PlyCount "73"]
[EventDate "2018.11.10"]
[EventType "team-tourn"]
[EventCountry "GER"]
[SourceTitle "playchess.com"]
[Source "ChessBase"]
[SourceQuality "1"]
[WhiteTeam "Baden-Baden"]
[BlackTeam "Duesseldorf"]

{[%evp 18,73,37,10,54,58,60,46,52,31,42,31,164,164,166,162,170,154,168,176,193,185,190,182,208,206,225,212,297,306,338,325,417,350,366,345,353,365,354,328,465,439,456,447,445,461,585,599,569,561,644,641,977,961,1433,1380,1444,1262]} 1. g3 Nf6 2. Bg2 g6 3. e4 d6 4. d4 Bg7 5. Ne2 O-O 6. Nbc3 Nbd7 7. O-O Rb8 8. a4 c5 9. h3 b6 10. Be3 Bb7 {B07: Pirc Defence: Miscellaneous Systems} (10... a6 11. Re1 cxd4 12. Bxd4 Bb7 13. Nd5 e5 14. Be3 Nxd5 15. exd5 f5 16. Qd2 f4 17. gxf4 Qh4 18. c4 {0-1 (27) Hirneise,T (2464)-Jones,G (2682) St Petersburg 2018}) 11. d5 a6 12. Rb1 Ne8 $146 {White is slightly better.} ({Predecessor:} 12... Qc7 13. g4 Ne8 14. Qd2 Qd8 15. f4 Nc7 16. g5 b5 17. axb5 Nb6 18. bxa6 {1-0 (70) Illingworth,M (2517)-Jackson,J (2368) Douglas 2015}) 13. Qd2 Nc7 14. Bh6 Bh8 (14... Bxh6 $14 15. Qxh6 e6) 15. Bxf8 $18 Qxf8 16. Nd1 {[%cal Bc3d1,Bd1e3,Be3c4][%mdl 32]} b5 17. a5 b4 18. Ne3 Bc8 19. f4 Nb5 20. Nc4 Qh6 21. g4 Qg7 22. Kh1 Nd4 (22... Qh6 {was called for.} 23. c3 Bg7) 23. Nxd4 Qxd4 24. Qe2 {[#] Black must now prevent e5!} Qg7 25. Rbe1 Nf8 26. e5 Bd7 27. exd6 exd6 28. Nxd6 Qxb2 (28... Qf6 $142) 29. Qe7 {[%csl Gd6][%cal Re7f7] [#] White is clearly winning.} Qf6 30. g5 Qxe7 31. Rxe7 f5 32. Nf7 {[%cal Rf7h6]} Bc3 33. Ne5 Bb5 34. d6 Bxf1 35. Bxf1 Bxe5 36. fxe5 Rd8 37. Bxa6 {Accuracy: White = 75%, Black = 31%.} 1-0

[Event "BL 2018-19"]
[Site "Berlin"]
[Date "2019.04.07"]
[Round "15.16"]
[White "Moehn, Hans"]
[Black "Bromann, Thorbjorn"]
[Result "0-1"]
[WhiteElo "2371"]
[BlackElo "2396"]
[Annotator "NA"]
[PlyCount "134"]
[EventDate "2018.11.10"]
[EventType "team-tourn"]
[EventCountry "GER"]
[SourceTitle "playchess.com"]
[Source "ChessBase"]
[SourceQuality "1"]
[WhiteTeam "Dresden"]
[BlackTeam "Kiel"]
[TimeControl "40/6000+30:3000+30"]

1. b3 {[%emt 0:00:00]} e5 {[%emt 0:00:43]} 2. Bb2 {[%emt 0:00:00]} Nc6 {[%emt 0:00:04]} 3. e3 {[%emt 0:00:00]} Nf6 {[%emt 0:00:26]} 4. c4 {[%emt 0:00:00]} g6 {[%emt 0:05:06]} 5. Nf3 {[%emt 0:03:48]} d6 {[%emt 0:00:52]} 6. d3 {[%emt 0:01:15] A01: Nimzowitsch-Larsen Opening} (6. d4 e4 7. Nfd2 Bg7 8. Nc3 Qe7 9. d5 Ne5 10. Ncxe4 Nxe4 11. Nxe4 Bg4 12. Qc1 O-O 13. Nd2 {1-0 (50) Nakamura,H (2777)-Hou,Y (2658) chess.com INT 2018}) 6... Bg7 {[%emt 0:00:30]} 7. Nbd2 {[%emt 0:01:29]} O-O {[%emt 0:00:55]} 8. a3 {[%emt 0:00:51]} a5 {[%emt 0:01:02]} 9. Be2 {[%emt 0:01:26]} h6 {[%emt 0:12:28]} 10. Qc2 {[%emt 0:02:45]} Nh7 $146 {[%emt 0:02:19]} ({Predecessor:} 10... Be6 11. O-O Ne8 {1-0 (36) Regis,G (2167)-Hankel,D (2170) Germany 2009}) 11. Bc3 {[%emt 0:10:45]} f5 {[%emt 0:01:56]} 12. h3 {[%emt 0:02:51]} Qe7 {[%emt 0:23:24]} 13. Rb1 {[%emt 0:14:53]} Be6 {[%emt 0:06:55]} 14. d4 {[%emt 0:16:06]} e4 {[%emt 0:12:53]} 15. d5 {[%emt 0:06:53]} exf3 {[%emt 0:00:30]} 16. Nxf3 {[%emt 0:02:16]} Bd7 {[%emt 0:01:56]} 17. dxc6 {[%emt 0:03:09]} Bxc6 {[%emt 0:00:40]} 18. Bxg7 {[%emt 0:03:42]} Qxg7 {[%emt 0:00:05]} 19. Qb2 {[%emt 0:00:14]} Qe7 {[%emt 0:05:46]} 20. O-O {[%emt 0:07:41]} Ng5 {[%emt 0:00:54]} 21. Rfd1 {[%emt 0:04:40]} f4 {[%emt 0:03:45]} 22. exf4 {[%emt 0:11:28]} Nxf3+ {[%emt 0:03:20]} 23. Bxf3 {[%emt 0:00:06]} Bxf3 {[%emt 0:00:17]} 24. gxf3 {[%emt 0:00:26]} Rxf4 {[%emt 0:01:24]} 25. Kh2 {[%emt 0:12:24]} Rxf3 {[%emt 0:02:51]} 26. Rg1 {[%emt 0:00:04]} Kh7 {[%emt 0:03:21]} 27. Rbe1 {[%emt 0:01:37]} Qf7 {[%emt 0:01:26]} 28. Re2 {[%emt 0:00:25]} Rf8 {[%emt 0:01:29]} 29. Rg2 {[%emt 0:00:54]} Qf6 {[%emt 0:09:37]} 30. Qxf6 {[%emt 0:00:51]} R8xf6 {[%emt 0:00:06]} 31. Re7+ {[%emt 0:01:27]} Rf7 {[%emt 0:00:03]} 32. Rxf7+ {[%emt 0:00:03]} Rxf7 {[%emt 0:00:06]} 33. Kg3 {[%emt 0:00:01]} Rf5 {[%emt 0:04:06]} 34. f4 {[%emt 0:00:33]} g5 {[%emt 0:00:06]} 35. Re2 {[%emt 0:00:01]} gxf4+ {[%emt 0:00:17]} 36. Kf3 {[%emt 0:01:13]} Re5 {[%emt 0:01:04]} 37. Rb2 {[%emt 0:00:01]} Re3+ {[%emt 0:01:29]} 38. Kxf4 {[%emt 0:00:03]} Rxh3 {[%emt 0:00:07]} 39. Re2 {[%emt 0:02:35]} Rxb3 {[%emt 0:03:24]} 40. Re7+ {[%emt 0:00:05]} Kg6 {[%emt 0:01:26]} 41. Rxc7 {[%emt 0:50:13]} Rxa3 {[%emt 0:02:59]} 42. Rd7 {[%emt 0:00:00]} Ra4 {[%emt 0:05:49]} 43. Rxd6+ {[%emt 0:00:00]} Kh5 {[%emt 0:00:19]} 44. Rd5+ {[%emt 0:00:00]} Kh4 {[%emt 0:00:08]} 45. Rc5 {[%emt 0:00:00]} h5 {[%emt 0:03:11]} 46. Kf3 {[%emt 0:00:00]} b6 {[%emt 0:02:06]} 47. Rc6 {[%emt 0:00:00]} Rb4 {[%emt 0:01:47]} 48. c5 {[%emt 0:00:00]} bxc5 {[%emt 0:09:15]} 49. Rxc5 {[%emt 0:00:00]} a4 {[%emt 0:00:19]} 50. Ra5 {[%emt 0:00:00]} Rb3+ {[%emt 0:00:13]} 51. Kf4 {[%emt 0:00:00]} Rg3 {[%emt 0:03:19]} 52. Rc5 {[%emt 0:00:00]} a3 {[%emt 0:02:28]} 53. Ra5 {[%emt 0:00:00]} Rb3 {[%emt 0:01:32]} 54. Ra4 {[%emt 0:00:00]} Rc3 {[%emt 0:04:03]} 55. Ra5 {[%emt 0:00:00]} Rd3 {[%emt 0:00:16]} 56. Ke4 {[%emt 0:00:00]} Rb3 {[%emt 0:00:15]} 57. Kf4 {[%emt 0:00:00]} Rc3 {[%emt 0:00:16]} 58. Ra4 {[%emt 0:00:00]} Kh3 {[%emt 0:04:54]} 59. Kg5 {[%emt 0:00:00]} Kg3 {[%emt 0:00:30]} 60. Kxh5 {[%emt 0:00:00]} Kf2 {[%emt 0:00:22]} 61. Kg4 {[%emt 0:00:00]} Ke3 {[%emt 0:00:12]} 62. Kf5 {[%emt 0:00:00]} Kd3 {[%emt 0:00:50]} 63. Ke5 {[%emt 0:00:00]} Kc2 {[%emt 0:01:11]} 64. Kd4 {[%emt 0:00:00]} Rh3 {[%emt 0:01:51]} 65. Ra8 {[%emt 0:00:00]} Kb2 {[%emt 0:00:58]} 66. Rg8 {[%emt 0:00:00]} a2 {[%emt 0:01:04]} 67. Rg2+ {[%emt 0:00:00]} Kb3 {[%emt 0:00:14]} 0-1